000 00402pab a2200157 454500
008 180718b1998 xxu||||| |||| 00| 0 eng d
100 _aKak, Kapil
245 _aPakistan: a geo-political appraisal
260 _c1998
300 _ap.1123-139
362 _aNov
650 _aPakistan - Politics and government
650 _aPolitics and government
773 _aStrategic Analysis
909 _a39185
999 _c39185
_d39185